000 00332pab a2200145 454500
008 180718b1998 xxu||||| |||| 00| 0 eng d
100 _aSiddharth, M.
245 _aThe legal status of nuclear weapons
260 _c1998
300 _ap.69-71
362 _aAug
650 _aNuclear weapons
773 _aSeminar
909 _a38239
999 _c38239
_d38239